000 00646nam a2200193 4500
001 136820
003 ES-MaACL
007 t|
008 070214s1984 ja r ||||1| eng d
100 1 _aSakamoto, Taro.
_9101635
245 1 4 _aThe Japanese Emperor through history /
_cTaro Sakamoto.
260 _aTokyo :
_bInternacional Society for Educational Information,
_c1984.
300 _a112 p. :
_bil. ;
_c26 cm.
490 1 _aUnderstanding Japan ;
_v47
710 2 _aInternacional Society for Educational Information.
_95264
830 0 _aUnderstanding Japan ;
_v47
_9231673
852 _aES-MaACL
_jL-7574
_bR.108092
999 _c136820
_d136820